000 00600nam a2200181Ia 4500
005 20260429111910.0
008 260429s9999||||xx |||||||||||||| ||und||
020 _a9789392594939
041 _aEnglish
082 _a020.76
_bNAS
100 _aNasirudheen, T.
245 0 _aConspectus of library and information science competitive examinations :
_bfor all state and national level competitive examinations /
_cT. Nasirudheen
260 _aNew Delhi :
_bEss Ess Publications,
_c2024.
300 _ax, 434 p.; hb
650 _a Competitive examination
650 _aLibrary science
942 _cTB
999 _c51334
_d51334